00772nam a2200205 i 4500001000700000003000900007005001700016007000300033008004100036080001900077080002600096100004500122245010100167260004600268300002200314630005700336852003200393999001900425952012200444129718ES-MaACL20230906193547.0t|070704s1970 sp ||||1| spa d a891.2-141"-01" a891.2 Bhagavadgita.061 aLlaraz Eslava, Félix Guillermo.97272113aEl señor del yoga b: = El bhagavadgita / c[estudio y traducción Félix Guillermo Llaraz]. a[Madrid : bEd. Hispanoamericana, c1970] a176 p. ; c22 cm.07aBhagavadgita-xCrítica e interpretación.9119231 aES-MaACLjC-39542 bR.75875 c129718d129718 00104070aATENEOMbATENEOMcDEPO2d2008-01-17eSCl0oC-39542p1135073r2023-02-23 00:00:00w2023-02-23yMONOGRAFIA